Normal view
MARC view
- Buluran, Cristina C.
Entry Personal Name
001 - CONTROL NUMBER
- control field: 3048
003 - CONTROL NUMBER IDENTIFIER
- control field: URS
005 - DATE AND TIME OF LATEST TRANSACTION
- control field: 20221124095414.0
008 - FIXED-LENGTH DATA ELEMENTS
- fixed length control field: 221124|| aca||aabn | a|a d
040 ## - CATALOGING SOURCE
- Original cataloging agency: URS
100 ## - HEADING--PERSONAL NAME
- Personal name: Buluran, Cristina C.
- Relator term: author